00761cam a2200193 a 450000100100000000500170001000800410002704000250006808200180009311000300011124501400014126000220028130000260030349000530032965100520038265000350043470000430046983000550051200000128620200929145530.0800523s1945 cu 000 0 spa  aDO-SdBNPbspacBNPHU a972.91bC357f1 aArchivo Nacional de Cuba.10aCatálogo de los fondos de la Comisión militar ejecutiva y permanente de la isla de Cuba /cprefacio de Emilio Roig de Leuchsenring. aLa Habana,c1945. axiv, 147 p. ;c27 cm.1 aPublicaciones del Archivo Nacional de Cubavv. 8 0aCubaxHistoria MilitarxFuentesvBIBLIOGRAFÍA 0aManuscritoszCubavCATÁLOGOS0 aLeuchsenring, Emilio Roig deeprefacio 0aPublicaciones del Archivo Nacional de Cuba ;vv. 8